000 00980nam a2200289 i 4500
001 000043595
003 DO-SdBNP
005 20250204092151.0
007 ta
008 140327s2003 dr 000 0 spa d
020 _a9993455288
040 _aDO-SdBNP
_bspa
_cBNPHU
_erda
082 4 _222
100 1 _aJulia, Julio Jaime
_d1922-1993
_eautor
_920185
245 1 0 _aMaestro por vocación :
_bLuis Napoleón Núñez Molina /
_cJulio Jaime Julia ; editores, Tomás Castro Burdiez, José Rafael Vargas ; prólogo, Soraida Heredia.
264 _aSanto Domingo :
_bBanco Popular,
_c2003.
300 _a77 páginas ;
_c22 cm.
336 _2rdacontent
_atexto
_btxt
337 _2rdamedia
_asin mediación
_bn
338 _2rdacarrier
_avolumen
_bnc
590 _aInventariado /2023
700 1 _aVargas, José Rafael,
_eeditor
_921851
700 1 _aHeredia, Soraida,
_eprólogo
_971412
700 _aCastro, Tomás,
_d1959-
_eeditor
_924641
910 _aBtavárez
942 _2ddc
_cLBS1
999 _c43084
_d43084